[Event "ODJM A 2025"]
[Site "Willingen GER"]
[Date "2025.06.09"]
[Round "3"]
[White "Hierl, Andreas"]
[Black "Walz, Fabian"]
[Result "0-1"]
[Termination "normal"]
[Board "26"]
[WhiteElo "1767"]
[BlackElo "1960"]
[WhiteClock "00:20:48"]
[BlackClock "00:47:17"]
[PlyCount "106"]
[WhiteFideId "34660496"]
[BlackFideId "34618520"]
[EventCountry "GER"]
[EventRounds "9"]
[EventType "swiss"]
[EventDate "2025.06.07"]

1. e4 {[%clk 01:30:58]} {[%emt 00:00:02]} c6 {[%clk 01:30:51]} {[%emt
00:00:09]} 2. d4 {[%clk 01:31:23]} {[%emt 00:00:04]} d5 {[%clk 01:31:16]}
{[%emt 00:00:04]} 3. exd5 {[%clk 01:31:49]} {[%emt 00:00:05]} cxd5 {[%clk
01:31:41]} {[%emt 00:00:04]} 4. c4 {[%clk 01:32:04]} {[%emt 00:00:15]} Nf6
{[%clk 01:32:00]} {[%emt 00:00:11]} 5. Nc3 {[%clk 01:32:24]} {[%emt 00:00:10]}
Nc6 {[%clk 01:32:24]} {[%emt 00:00:06]} 6. Bf4 {[%clk 01:32:25]} {[%emt
00:00:29]} g6 {[%clk 01:27:12]} {[%emt 00:05:42]} 7. Nf3 {[%clk 01:28:29]}
{[%emt 00:04:26]} Bg7 {[%clk 01:26:23]} {[%emt 00:01:19]} 8. c5 {[%clk
01:24:34]} {[%emt 00:04:26]} Bg4 {[%clk 01:21:55]} {[%emt 00:04:57]} 9. Be2
{[%clk 01:21:38]} {[%emt 00:03:25]} O-O {[%clk 01:21:06]} {[%emt 00:01:19]} 10.
O-O {[%clk 01:20:26]} {[%emt 00:01:43]} Nh5 {[%clk 01:15:50]} {[%emt 00:05:46]}
11. Be3 {[%clk 01:10:53]} {[%emt 00:10:03]} Qd7 {[%clk 01:10:05]} {[%emt
00:06:15]} 12. Qd2 {[%clk 01:06:14]} {[%emt 00:05:08]} Rfe8 {[%clk 01:06:42]}
{[%emt 00:03:53]} 13. Rab1 {[%clk 01:01:48]} {[%emt 00:04:56]} Nf6 {[%clk
01:02:09]} {[%emt 00:05:04]} 14. Rfd1 {[%clk 00:51:13]} {[%emt 00:11:04]} Ne4
{[%clk 00:57:21]} {[%emt 00:05:18]} 15. Qe1 {[%clk 00:45:41]} {[%emt 00:06:01]}
Bf5 {[%clk 00:51:27]} {[%emt 00:06:25]} 16. Bd3 {[%clk 00:40:04]} {[%emt
00:06:08]} Nb4 {[%clk 00:44:08]} {[%emt 00:07:49]} 17. Bb5 {[%clk 00:36:36]}
{[%emt 00:03:58]} Nc6 {[%clk 00:43:56]} {[%emt 00:00:42]} 18. Bd3 {[%clk
00:36:42]} {[%emt 00:00:23]} h5 {[%clk 00:39:39]} {[%emt 00:04:48]} 19. b4
{[%clk 00:35:09]} {[%emt 00:02:03]} e5 {[%clk 00:34:14]} {[%emt 00:05:55]} 20.
dxe5 {[%clk 00:30:49]} {[%emt 00:04:51]} Nxc3 {[%clk 00:34:31]} {[%emt
00:00:12]} 21. Qxc3 {[%clk 00:29:56]} {[%emt 00:01:22]} Nxe5 {[%clk 00:34:22]}
{[%emt 00:00:39]} 22. Nxe5 {[%clk 00:29:05]} {[%emt 00:01:22]} Bxe5 {[%clk
00:33:50]} {[%emt 00:01:02]} 23. Bd4 {[%clk 00:27:46]} {[%emt 00:01:48]} Bxd3
{[%clk 00:30:04]} {[%emt 00:04:16]} 24. Rxd3 {[%clk 00:26:30]} {[%emt
00:01:48]} Bxd4 {[%clk 00:29:06]} {[%emt 00:01:27]} 25. Qxd4 {[%clk 00:24:17]}
{[%emt 00:02:43]} Re2 {[%clk 00:29:29]} {[%emt 00:00:06]} 26. Rd2 {[%clk
00:14:15]} {[%emt 00:10:33]} Qf5 {[%clk 00:29:32]} {[%emt 00:00:25]} 27. Rbd1
{[%clk 00:11:34]} {[%emt 00:03:13]} Rae8 {[%clk 00:29:22]} {[%emt 00:00:38]}
28. g3 {[%clk 00:07:39]} {[%emt 00:04:27]} Qf3 {[%clk 00:28:34]} {[%emt
00:01:16]} 29. Rxe2 {[%clk 00:04:12]} {[%emt 00:03:59]} Rxe2 {[%clk 00:28:50]}
{[%emt 00:00:14]} 30. Ra1 {[%clk 00:03:16]} {[%emt 00:01:26]} h4 {[%clk
00:28:20]} {[%emt 00:01:00]} 31. Qf4 {[%clk 00:01:52]} {[%emt 00:01:53]} Rxf2
{[%clk 00:22:21]} {[%emt 00:06:29]} 32. Qxf3 {[%clk 00:02:05]} {[%emt
00:00:18]} Rxf3 {[%clk 00:22:46]} {[%emt 00:00:05]} 33. Kg2 {[%clk 00:02:25]}
{[%emt 00:00:09]} Ra3 {[%clk 00:23:08]} {[%emt 00:00:08]} 34. Kh3 {[%clk
00:00:52]} {[%emt 00:02:04]} hxg3 {[%clk 00:23:20]} {[%emt 00:00:18]} 35. hxg3
{[%clk 00:01:15]} {[%emt 00:00:07]} Kg7 {[%clk 00:23:32]} {[%emt 00:00:17]} 36.
Rd1 {[%clk 00:00:49]} {[%emt 00:00:56]} Rxa2 {[%clk 00:23:33]} {[%emt
00:00:30]} 37. Rxd5 {[%clk 00:01:13]} {[%emt 00:00:06]} Rb2 {[%clk 00:23:51]}
{[%emt 00:00:11]} 38. Rd4 {[%clk 00:01:38]} {[%emt 00:00:07]} g5 {[%clk
00:19:47]} {[%emt 00:04:33]} 39. Kg4 {[%clk 00:01:43]} {[%emt 00:00:24]} Kg6
{[%clk 00:20:06]} {[%emt 00:00:11]} 40. Rd6+ {[%clk 00:01:02]} {[%emt
00:01:12]} f6 {[%clk 00:20:26]} {[%emt 00:00:10]} 41. Rd4 {[%clk 00:01:24]}
{[%emt 00:00:07]} f5+ {[%clk 00:20:42]} {[%emt 00:00:15]} 42. Kf3 {[%clk
00:01:47]} {[%emt 00:00:08]} Rb3+ {[%clk 00:21:04]} {[%emt 00:00:07]} 43. Kf2
{[%clk 00:01:51]} {[%emt 00:00:25]} Kf6 {[%clk 00:20:22]} {[%emt 00:01:12]} 44.
Rc4 {[%clk 00:00:46]} {[%emt 00:01:35]} Rb2+ {[%clk 00:15:12]} {[%emt
00:05:40]} 45. Ke3 {[%clk 00:24:50]} {[%emt 00:06:26]} g4 {[%clk 00:44:48]}
{[%emt 00:00:54]} 46. c6 {[%clk 00:24:18]} {[%emt 00:01:02]} bxc6 {[%clk
00:45:09]} {[%emt 00:00:10]} 47. Rxc6+ {[%clk 00:24:34]} {[%emt 00:00:15]} Kg5
{[%clk 00:45:27]} {[%emt 00:00:10]} 48. Ra6 {[%clk 00:20:57]} {[%emt 00:04:07]}
Rg2 {[%clk 00:45:19]} {[%emt 00:00:37]} 49. Rxa7 {[%clk 00:20:42]} {[%emt
00:00:47]} Rxg3+ {[%clk 00:45:44]} {[%emt 00:00:05]} 50. Kf2 {[%clk 00:20:48]}
{[%emt 00:00:24]} Rb3 {[%clk 00:46:07]} {[%emt 00:00:07]} 51. Rb7 {[%clk
00:21:09]} {[%emt 00:00:09]} Kf4 {[%clk 00:46:29]} {[%emt 00:00:06]} 52. b5
{[%clk 00:21:08]} {[%emt 00:00:32]} Rb2+ {[%clk 00:46:55]} {[%emt 00:00:05]}
53. Kf1 {[%clk 00:20:48]} {[%emt 00:00:49]} Kf3 {[%clk 00:47:17]} {[%emt
00:00:08]} 0-1

[Event "ODJM A 2025"]
[Site "Willingen GER"]
[Date "2025.06.09"]
[Round "3"]
[White "Grabowski, Joshua"]
[Black "Müller, Mark"]
[Result "0-1"]
[Termination "normal"]
[Board "27"]
[WhiteElo "1819"]
[BlackElo "2029"]
[WhiteClock "00:02:18"]
[BlackClock "00:06:53"]
[PlyCount "114"]
[WhiteFideId "34678344"]
[BlackFideId "12997218"]
[EventCountry "GER"]
[EventRounds "9"]
[EventType "swiss"]
[EventDate "2025.06.07"]

1. d4 {[%clk 01:30:57]} d5 {[%clk 01:30:55]} {[%emt 00:00:08]} 2. Bf4 {[%clk
01:29:54]} {[%emt 00:01:31]} Nf6 {[%clk 01:31:15]} {[%emt 00:00:09]} 3. e3
{[%clk 01:22:34]} {[%emt 00:07:50]} c5 {[%clk 01:28:16]} {[%emt 00:03:29]} 4.
c3 {[%clk 01:11:19]} {[%emt 00:11:45]} e6 {[%clk 01:26:52]} {[%emt 00:01:54]}
5. Nf3 {[%clk 01:11:13]} {[%emt 00:00:35]} Nc6 {[%clk 01:27:06]} {[%emt
00:00:16]} 6. Bd3 {[%clk 01:08:43]} {[%emt 00:03:01]} Bd6 {[%clk 01:26:36]}
{[%emt 00:01:00]} 7. O-O {[%clk 01:02:48]} {[%emt 00:06:25]} O-O {[%clk
01:23:35]} {[%emt 00:03:31]} 8. Nbd2 {[%clk 00:58:42]} {[%emt 00:04:34]} Qc7
{[%clk 01:17:46]} {[%emt 00:06:18]} 9. Bg5 {[%clk 00:52:32]} {[%emt 00:06:43]}
Ne8 {[%clk 01:06:19]} {[%emt 00:11:52]} 10. dxc5 {[%clk 00:39:13]} {[%emt
00:13:54]} Bxc5 {[%clk 01:05:03]} {[%emt 00:01:45]} 11. e4 {[%clk 00:37:34]}
{[%emt 00:02:10]} dxe4 {[%clk 00:58:12]} {[%emt 00:07:22]} 12. Nxe4 {[%clk
00:37:35]} {[%emt 00:00:28]} b6 {[%clk 00:56:33]} {[%emt 00:02:10]} 13. Nxc5
{[%clk 00:21:18]} {[%emt 00:16:47]} bxc5 {[%clk 00:56:50]} {[%emt 00:00:12]}
14. Be4 {[%clk 00:20:22]} {[%emt 00:01:25]} Bb7 {[%clk 00:50:44]} {[%emt
00:06:36]} 15. Qc2 {[%clk 00:18:05]} {[%emt 00:02:48]} f5 {[%clk 00:45:24]}
{[%emt 00:05:49]} 16. Bd3 {[%clk 00:15:49]} {[%emt 00:02:46]} Nd6 {[%clk
00:44:19]} {[%emt 00:01:35]} 17. Bf4 {[%clk 00:14:00]} {[%emt 00:02:19]} Ne7
{[%clk 00:40:31]} {[%emt 00:04:17]} 18. Ng5 {[%clk 00:11:18]} {[%emt 00:03:14]}
Rf6 {[%clk 00:36:55]} {[%emt 00:04:04]} 19. Rfe1 {[%clk 00:09:57]} {[%emt
00:01:52]} Nd5 {[%clk 00:33:12]} {[%emt 00:04:13]} 20. Bg3 {[%clk 00:04:50]}
{[%emt 00:05:38]} Qc6 {[%clk 00:19:51]} {[%emt 00:13:51]} 21. f3 {[%clk
00:03:23]} {[%emt 00:01:57]} c4 {[%clk 00:17:52]} {[%emt 00:02:29]} 22. Bxd6
{[%clk 00:03:14]} {[%emt 00:00:40]} Qxd6 {[%clk 00:16:30]} {[%emt 00:02:19]}
23. Bxc4 {[%clk 00:02:41]} {[%emt 00:01:35]} Qc5+ {[%clk 00:16:50]} {[%emt
00:00:10]} 24. Qf2 {[%clk 00:02:11]} {[%emt 00:00:59]} Qxc4 {[%clk 00:17:14]}
{[%emt 00:00:06]} 25. Nxe6 {[%clk 00:02:26]} {[%emt 00:00:15]} Rg6 {[%clk
00:12:08]} {[%emt 00:05:36]} 26. Qd2 {[%clk 00:00:59]} {[%emt 00:01:56]} f4
{[%clk 00:07:51]} {[%emt 00:04:47]} 27. Re4 {[%clk 00:00:55]} {[%emt 00:00:35]}
Qc6 {[%clk 00:07:16]} {[%emt 00:01:03]} 28. Nxf4 {[%clk 00:01:05]} {[%emt
00:00:23]} Nxf4 {[%clk 00:07:39]} {[%emt 00:00:07]} 29. Rxf4 {[%clk 00:01:28]}
{[%emt 00:00:06]} Re8 {[%clk 00:07:33]} {[%emt 00:00:35]} 30. Rd1 {[%clk
00:01:03]} {[%emt 00:00:57]} Rge6 {[%clk 00:03:44]} {[%emt 00:04:18]} 31. Qd7
{[%clk 00:00:36]} {[%emt 00:00:58]} Re1+ {[%clk 00:02:56]} {[%emt 00:01:18]}
32. Kf2 {[%clk 00:00:59]} {[%emt 00:00:06]} R1e2+ {[%clk 00:01:40]} {[%emt
00:01:46]} 33. Kg3 {[%clk 00:00:49]} {[%emt 00:00:41]} Qxd7 {[%clk 00:00:56]}
{[%emt 00:01:15]} 34. Rxd7 {[%clk 00:01:18]} R2e7 {[%clk 00:01:02]} {[%emt
00:00:24]} 35. Rfd4 {[%clk 00:01:09]} {[%emt 00:00:39]} Bc6 {[%clk 00:01:11]}
{[%emt 00:00:20]} 36. R7d6 {[%clk 00:01:22]} {[%emt 00:00:18]} Ba8 {[%clk
00:01:07]} {[%emt 00:00:33]} 37. Ra6 {[%clk 00:01:32]} {[%emt 00:00:19]} Rb8
{[%clk 00:00:59]} {[%emt 00:00:37]} 38. c4 {[%clk 00:01:17]} {[%emt 00:00:47]}
Kf7 {[%clk 00:00:52]} {[%emt 00:00:38]} 39. b3 {[%clk 00:01:04]} {[%emt
00:00:43]} Rc7 {[%clk 00:00:47]} {[%emt 00:00:35]} 40. Kf4 {[%clk 00:00:33]}
{[%emt 00:01:01]} Bc6 {[%clk 00:00:37]} {[%emt 00:00:39]} 41. c5 {[%clk
00:23:55]} {[%emt 00:07:08]} Bb5 {[%clk 00:26:00]} {[%emt 00:05:06]} 42. Ra5
{[%clk 00:23:41]} {[%emt 00:00:45]} Bf1 {[%clk 00:24:43]} {[%emt 00:01:45]} 43.
g3 {[%clk 00:19:14]} {[%emt 00:04:58]} a6 {[%clk 00:21:53]} {[%emt 00:03:18]}
44. Rd1 {[%clk 00:17:31]} {[%emt 00:02:16]} Bb5 {[%clk 00:20:24]} {[%emt
00:01:56]} 45. a4 {[%clk 00:15:24]} {[%emt 00:02:40]} Bd7 {[%clk 00:17:46]}
{[%emt 00:03:06]} 46. Rd3 {[%clk 00:14:48]} {[%emt 00:01:08]} Be6 {[%clk
00:17:39]} {[%emt 00:00:36]} 47. Rxa6 {[%clk 00:12:21]} {[%emt 00:02:59]} Rxc5
{[%clk 00:15:46]} {[%emt 00:02:19]} 48. Rdd6 {[%clk 00:11:42]} {[%emt
00:01:12]} Rb4+ {[%clk 00:15:22]} {[%emt 00:00:54]} 49. Ke3 {[%clk 00:11:10]}
{[%emt 00:01:02]} Rxb3+ {[%clk 00:15:43]} {[%emt 00:00:07]} 50. Rd3 {[%clk
00:09:32]} {[%emt 00:02:10]} Re5+ {[%clk 00:08:21]} {[%emt 00:07:51]} 51. Kd2
{[%clk 00:05:45]} {[%emt 00:04:18]} Rb2+ {[%clk 00:08:42]} {[%emt 00:00:09]}
52. Kc3 {[%clk 00:06:03]} {[%emt 00:00:11]} Rxh2 {[%clk 00:08:48]} {[%emt
00:00:24]} 53. Ra7+ {[%clk 00:05:45]} {[%emt 00:00:48]} Kf6 {[%clk 00:08:59]}
{[%emt 00:00:19]} 54. a5 {[%clk 00:04:05]} {[%emt 00:02:11]} Rc5+ {[%clk
00:07:29]} {[%emt 00:01:58]} 55. Kb4 {[%clk 00:01:52]} {[%emt 00:02:45]} Rc4+
{[%clk 00:07:43]} {[%emt 00:00:17]} 56. Ka3 {[%clk 00:02:07]} {[%emt 00:00:14]}
Rg2 {[%clk 00:06:36]} {[%emt 00:01:36]} 57. g4 {[%clk 00:02:18]} {[%emt
00:00:20]} Rf4 {[%clk 00:06:53]} {[%emt 00:00:13]} 0-1

[Event "ODJM A 2025"]
[Site "Willingen GER"]
[Date "2025.06.09"]
[Round "3"]
[White "Groessing, Daniel-Yosuke"]
[Black "Friedhoff, Mirco"]
[Result "1-0"]
[Termination "normal"]
[Board "28"]
[WhiteElo "1974"]
[BlackElo "1838"]
[WhiteClock "00:04:31"]
[BlackClock "00:20:26"]
[PlyCount "89"]
[WhiteFideId "1682237"]
[BlackFideId "16243447"]
[EventCountry "GER"]
[EventRounds "9"]
[EventType "swiss"]
[EventDate "2025.06.07"]

1. d4 {[%clk 01:30:57]} Nf6 {[%clk 01:30:55]} 2. c4 {[%clk 01:31:22]} {[%emt
00:00:12]} c5 {[%emt 00:00:02]} 3. d5 {[%clk 01:31:46]} {[%emt 00:00:05]} b5
{[%clk 01:31:48]} {[%emt 00:00:04]} 4. cxb5 {[%clk 01:32:08]} {[%emt 00:00:07]}
a6 {[%clk 01:32:14]} {[%emt 00:00:04]} 5. b6 {[%clk 01:32:30]} {[%emt
00:00:08]} Qxb6 {[%clk 01:31:15]} {[%emt 00:01:29]} 6. Nc3 {[%clk 01:32:48]}
{[%emt 00:00:12]} g6 {[%clk 01:30:50]} {[%emt 00:00:56]} 7. e4 {[%clk
01:33:07]} {[%emt 00:00:10]} d6 {[%clk 01:31:11]} {[%emt 00:00:10]} 8. Nf3
{[%clk 01:33:18]} {[%emt 00:00:18]} Bg7 {[%clk 01:30:41]} {[%emt 00:01:00]} 9.
Nd2 {[%clk 01:33:19]} {[%emt 00:00:29]} O-O {[%clk 01:28:31]} {[%emt 00:02:40]}
10. Nc4 {[%clk 01:32:46]} {[%emt 00:01:02]} Qd8 {[%clk 01:28:40]} {[%emt
00:00:22]} 11. Be2 {[%clk 01:32:25]} {[%emt 00:00:51]} Bd7 {[%clk 01:27:15]}
{[%emt 00:01:55]} 12. a4 {[%clk 01:28:40]} {[%emt 00:04:16]} a5 {[%clk
01:24:09]} {[%emt 00:03:36]} 13. O-O {[%clk 01:23:53]} {[%emt 00:05:16]} Na6
{[%clk 01:22:56]} {[%emt 00:01:42]} 14. f4 {[%clk 01:18:39]} {[%emt 00:05:44]}
Nb4 {[%clk 01:16:21]} {[%emt 00:07:06]} 15. e5 {[%clk 01:15:08]} {[%emt
00:04:01]} Ne8 {[%clk 01:15:02]} {[%emt 00:01:49]} 16. Be3 {[%clk 01:03:38]}
{[%emt 00:11:59]} Bf5 {[%clk 01:13:19]} {[%emt 00:02:14]} 17. Rc1 {[%clk
01:01:13]} {[%emt 00:02:54]} h5 {[%clk 01:06:33]} {[%emt 00:07:16]} 18. h3
{[%clk 00:58:14]} {[%emt 00:03:29]} Nc7 {[%clk 01:00:56]} {[%emt 00:06:07]} 19.
g4 {[%clk 00:48:04]} {[%emt 00:10:41]} hxg4 {[%clk 01:01:16]} {[%emt 00:00:10]}
20. hxg4 {[%clk 00:48:29]} {[%emt 00:00:05]} Bc8 {[%clk 01:01:29]} {[%emt
00:00:17]} 21. Bf3 {[%clk 00:48:07]} {[%emt 00:00:52]} Ba6 {[%clk 01:01:18]}
{[%emt 00:00:41]} 22. b3 {[%clk 00:41:46]} {[%emt 00:06:51]} Rb8 {[%clk
00:53:41]} {[%emt 00:08:07]} 23. Rf2 {[%clk 00:30:50]} {[%emt 00:11:27]} Bxc4
{[%clk 00:49:13]} {[%emt 00:04:55]} 24. bxc4 {[%clk 00:28:27]} {[%emt
00:02:54]} Nca6 {[%clk 00:48:48]} {[%emt 00:00:56]} 25. Rh2 {[%clk 00:21:38]}
{[%emt 00:07:18]} dxe5 {[%clk 00:39:21]} {[%emt 00:09:58]} 26. Qf1 {[%clk
00:21:31]} {[%emt 00:00:36]} f6 {[%clk 00:35:38]} {[%emt 00:04:14]} 27. fxe5
{[%clk 00:20:30]} {[%emt 00:01:31]} Qc7 {[%clk 00:33:48]} {[%emt 00:02:19]} 28.
d6 {[%clk 00:12:30]} {[%emt 00:08:30]} exd6 {[%clk 00:33:24]} {[%emt 00:00:55]}
29. Qh3 {[%clk 00:11:48]} {[%emt 00:01:12]} Kf7 {[%clk 00:27:49]} {[%emt
00:06:05]} 30. Qh7 {[%clk 00:07:47]} {[%emt 00:04:30]} Rh8 {[%clk 00:27:12]}
{[%emt 00:01:08]} 31. e6+ {[%clk 00:08:09]} {[%emt 00:00:08]} Kf8 {[%clk
00:26:04]} {[%emt 00:01:38]} 32. Qxg6 {[%clk 00:08:06]} {[%emt 00:00:31]} Rxh2
{[%clk 00:26:25]} {[%emt 00:00:11]} 33. Kxh2 {[%clk 00:08:15]} {[%emt
00:00:20]} Nd3 {[%clk 00:25:55]} {[%emt 00:01:01]} 34. Qxd3 {[%clk 00:07:08]}
{[%emt 00:01:36]} d5+ {[%clk 00:26:20]} {[%emt 00:00:06]} 35. Kh3 {[%clk
00:05:50]} {[%emt 00:01:47]} d4 {[%clk 00:22:15]} {[%emt 00:04:37]} 36. Nd5
{[%clk 00:05:05]} {[%emt 00:01:14]} Qe5 {[%clk 00:22:34]} {[%emt 00:00:11]} 37.
e7+ {[%clk 00:05:15]} {[%emt 00:00:19]} Kf7 {[%clk 00:22:45]} {[%emt 00:00:19]}
38. Bf4 {[%clk 00:05:02]} {[%emt 00:00:44]} Rh8+ {[%clk 00:22:06]} {[%emt
00:01:09]} 39. Kg3 {[%clk 00:04:38]} {[%emt 00:00:49]} Qe6 {[%clk 00:21:34]}
{[%emt 00:01:06]} 40. Be4 {[%clk 00:03:57]} {[%emt 00:01:11]} Bh6 {[%clk
00:19:45]} {[%emt 00:02:20]} 41. Bg6+ {[%clk 00:04:10]} {[%emt 00:00:17]} Kg7
{[%clk 00:19:38]} {[%emt 00:00:37]} 42. Bxh6+ {[%clk 00:04:33]} {[%emt
00:00:06]} Kxh6 {[%clk 00:19:58]} {[%emt 00:00:11]} 43. Rh1+ {[%clk 00:04:59]}
{[%emt 00:00:04]} Kg5 {[%clk 00:20:14]} {[%emt 00:00:13]} 44. Qd2+ {[%clk
00:04:14]} {[%emt 00:01:16]} Kxg6 {[%clk 00:20:26]} {[%emt 00:00:18]} 45. Nf4+
{[%clk 00:04:31]} {[%emt 00:00:13]} 1-0